Capital to Country Click Quiz #9 - Statistics

General Stats
  • This quiz has been taken 97 times
  • The average score is 18 of 20
Answer Stats
Hint Answer % Correct
Monaco Monaco
99%
Jakarta Indonesia
98%
Singapore Singapore
98%
Kyiv Ukraine
98%
Kingston Jamaica
96%
Tunis Tunisia
96%
Prague Czechia
95%
Santo Domingo Dominican Republic
94%
Beirut Lebanon
94%
Taipei Taiwan
93%
Caracas Venezuela
93%
Vaduz Liechtenstein
89%
Mogadishu Somalia
87%
Dhaka Bangladesh
84%
Accra Ghana
82%
Khartoum Sudan
81%
Nouakchott Mauritania
73%
Mbabane Eswatini
70%
Yaren Nauru
69%
South Tarawa Kiribati
65%
No matching quizzes found
Score Distribution
Percent of People with Each Score
Percentile by Number Answered
Your Score History
You have not taken this quiz